Connected government for 1 Malaysia : \b proceedings of the national ICT conference 2009 9-11 June 2009, Putrajaya International Convention Centre / (Record no. 1958)

000 -LEADER
fixed length control field nam a22 a 4500
003 - CONTROL NUMBER IDENTIFIER
control field AKMAL
005 - DATE AND TIME OF LATEST TRANSACTION
control field 20170512154050.0
008 - FIXED-LENGTH DATA ELEMENTS--GENERAL INFORMATION
fixed length control field 170512s2010 my | g | o000 0 eng d
020 ## - INTERNATIONAL STANDARD BOOK NUMBER
International Standard Book Number 9789833109579
040 ## - CATALOGING SOURCE
Original cataloging agency AKMAL
Transcribing agency AKMAL
082 04 - DEWEY DECIMAL CLASSIFICATION NUMBER
Classification number 352.3802854678
Edition number 22
111 2# - MAIN ENTRY--MEETING NAME
Meeting name or jurisdiction name as entry element National ICT Conference
Date of meeting (2009 :
Location of meeting Putrajaya)
9 (RLIN) 4058
245 10 - TITLE STATEMENT
Title Connected government for 1 Malaysia : \b proceedings of the national ICT conference 2009 9-11 June 2009, Putrajaya International Convention Centre /
Statement of responsibility, etc. edited by Muhamad bin Hamzah, Azizah Abd Manan ; conference jointly organised by National Public Administration (INTAN), Multimedia Development Corporation (MDeC)
260 ## - PUBLICATION, DISTRIBUTION, ETC.
Place of publication, distribution, etc. Kuala Lumpur :
Name of publisher, distributor, etc. Institut Tadbiran Awam Negara,
Date of publication, distribution, etc. 2010
263 ## - PROJECTED PUBLICATION DATE
Projected publication date 201007
650 10 - SUBJECT ADDED ENTRY--TOPICAL TERM
Topical term or geographic name entry element Electronic government information
Geographic subdivision Malaysia
Form subdivision Congresses
9 (RLIN) 4059
650 20 - SUBJECT ADDED ENTRY--TOPICAL TERM
Topical term or geographic name entry element Information technology
Geographic subdivision Malaysia
Form subdivision Congresses
9 (RLIN) 4060
650 20 - SUBJECT ADDED ENTRY--TOPICAL TERM
Topical term or geographic name entry element Public administration
General subdivision Technological innovations
Geographic subdivision Malaysia
Form subdivision Congresses
9 (RLIN) 4061
651 #0 - SUBJECT ADDED ENTRY--GEOGRAPHIC NAME
Geographic name Malaysia
General subdivision Politics and government
Form subdivision Congresses
9 (RLIN) 4062
700 0# - ADDED ENTRY--PERSONAL NAME
Personal name Muhamad Hamzah
9 (RLIN) 4063
700 0# - ADDED ENTRY--PERSONAL NAME
Personal name Azizah Abdul Manan
9 (RLIN) 4064
710 2# - ADDED ENTRY--CORPORATE NAME
Corporate name or jurisdiction name as entry element Institut Tadbiran Awam Negara
9 (RLIN) 410
710 2# - ADDED ENTRY--CORPORATE NAME
Corporate name or jurisdiction name as entry element Perbadanan Pembangunan Multimedia
9 (RLIN) 175
942 ## - ADDED ENTRY ELEMENTS (KOHA)
Source of classification or shelving scheme
Koha item type Book
Holdings
Withdrawn status Lost status Source of classification or shelving scheme Damaged status Not for loan Collection code Home library Current library Shelving location Date acquired Inventory number Total Checkouts Full call number Barcode Date last seen Price effective from Koha item type
          NON-FICTION AKMAL Melaka AKMAL Melaka PINJAMAN 12.05.2017 305885   352.3802854678 201706204 12.05.2017 12.05.2017 Book
Pusat Sumber Maklumat Dato' Haji Sarmin Md Hussin, Akademi Kastam Diraja Malaysia, Melaka
Tel: 06-2331106 | Faks: 06-2313787